000 00578nam a2200217Ia 4500
001 15134
003 GE_BSU
008 181216s||||||||xx |||||||||||||| ||und||
040 _cGE_BSU
080 _a511(075.8)
100 _aВиноградов, И.М.
245 _aОсновы теории чисел.
245 _cРед.О.С.Ивашев-Мусатов
260 _aМосква
260 _bГостехиздат
260 _c1953
300 _a180стр.20см.
300 _eТаблицы
653 _aОсновы теории чисел.
942 _cBK
999 _c48250
_d48250